Categorical methods in computer science: With aspects from topology (Record no. 17942)

MARC details
000 -LEADER
fixed length control field 00840nam a2200277Ia 4500
003 - CONTROL NUMBER IDENTIFIER
control field OSt
005 - DATE AND TIME OF LATEST TRANSACTION
control field 20220912144856.0
008 - FIXED-LENGTH DATA ELEMENTS--GENERAL INFORMATION
fixed length control field 220909b |||||||| |||| 00| 0 eng d
037 ## - SOURCE OF ACQUISITION
Terms of availability Textual
040 ## - CATALOGING SOURCE
Original cataloging agency CSL
Language of cataloging eng
Transcribing agency CSL
041 ## - LANGUAGE CODE
Language code of text/sound track or separate title eng
100 ## - MAIN ENTRY--PERSONAL NAME
Personal name Ehrig H Ed.
245 #0 - TITLE STATEMENT
Title Categorical methods in computer science: With aspects from topology
260 ## - PUBLICATION, DISTRIBUTION, ETC.
Place of publication, distribution, etc. Berlin
Name of publisher, distributor, etc. Springer-Verlag
Date of publication, distribution, etc. 1989
300 ## - PHYSICAL DESCRIPTION
Extent 350p.
Dimensions cm.
490 ## - SERIES STATEMENT
Series statement Lecture notes in computer science; 393
650 ## - SUBJECT ADDED ENTRY--TOPICAL TERM
Topical term or geographic name entry element Mathematical computer science
700 ## - ADDED ENTRY--PERSONAL NAME
Personal name Herrlich H Ed.
700 ## - ADDED ENTRY--PERSONAL NAME
Personal name Kreowski H J Ed.
942 ## - ADDED ENTRY ELEMENTS (KOHA)
Classification part D65,8(B)0aB2-316, M9
Koha item type Textual
Source of classification or shelving scheme Colon Classification (CC)
Holdings
Withdrawn status Lost status Damaged status Not for loan Home library Current library Date acquired Total Checkouts Full call number Barcode Date last seen Price effective from Koha item type
        Central Science Library Central Science Library 2022-09-12   D65,8(B)0aB2-316 M9 SL1023966 2022-09-12 2022-09-12 Textual
Copyright @ Delhi University Library System